Champions League Sieger Trainer - Statistiken

Allgemein
  • Dieses Quiz wurde 152 mal gespielt
  • Das Durchschnittsergebnis liegt bei 23 aus 33
Antwortstatistiken
Hint Antwort % Korrekt
2022/23 Pep Guardiola
98%
2010/11 Pep Guardiola
98%
2008/09 Pep Guardiola
98%
2023/24 Carlo Ancelotti
95%
2021/22 Carlo Ancelotti
95%
2013/14 Carlo Ancelotti
95%
2006/07 Carlo Ancelotti
95%
2002/03 Carlo Ancelotti
95%
2019/20 Hansi Flick
92%
2018/19 Jürgen Klopp
92%
2017/18 Zinedine Zidane
91%
2016/17 Zinedine Zidane
91%
2015/16 Zinedine Zidane
91%
2020/21 Thomas Tuchel
85%
2012/13 Jupp Heynckes
84%
1997/98 Jupp Heynckes
84%
2009/10 Jose Mourinho
79%
2003/04 Jose Mourinho
79%
2024/25 Luis Enrique
75%
2014/15 Luis Enrique
75%
2007/08 Alex Ferguson
65%
1998/99 Alex Ferguson
65%
2000/01 Ottmar Hitzfeld
60%
1996/97 Ottmar Hitzfeld
60%
2011/12 Roberto Di Matteo
50%
2004/05 Rafael Benitez
35%
1994/95 Louis van Gaal
33%
2001/02 Vicente del Bosque
29%
1999/00 Vicente del Bosque
29%
2005/06 Frank Rijkaard
27%
1995/96 Marcelo Lippi
18%
1993/94 Fabio Capello
11%
1992/93 Raymond Goethals
4%
Keine übereinstimmenden Quizze gefunden
Verteilung der Resultate
Anzahl Personen mit jedem Resultat
Perzentil nach korrekt beantworteten Fragen
Ihre Resultats-Entwicklung
Sie haben dieses Quiz noch nicht gespielt